|
|
|
|
| LEADER |
01880nam a22004094a 4500 |
| 001 |
37042 |
| 003 |
BD-DhAAL |
| 005 |
20211123111802.0 |
| 008 |
200217r20162006enka b 001 0 eng d |
| 999 |
|
|
|c 41687
|d 41687
|
| 010 |
|
|
|a 2005051529
|
| 020 |
|
|
|a 9781138226975
|
| 020 |
|
|
|a 9780582505759 (pbk)
|
| 020 |
|
|
|a 0582505755 (pbk)
|
| 035 |
|
|
|a (OCoLC)ocm61229811
|
| 040 |
|
|
|a DLC
|c DLC
|d YDX
|d BAKER
|d MUQ
|d BTCTA
|d YDXCP
|d DLC
|d BD-DhAAL
|
| 042 |
|
|
|a pcc
|
| 050 |
0 |
0 |
|a P37
|b .S77 2006
|
| 082 |
0 |
0 |
|a 401.9
|2 22
|
| 100 |
1 |
|
|a Steinberg, Danny D.
|9 39314
|
| 245 |
1 |
3 |
|a An introduction to psycholinguistics /
|c Danny D. Steinberg and Natalia V. Sciarini.
|
| 250 |
|
|
|a Second edition
|
| 260 |
|
|
|a Harlow, England ;
|a New York :
|b Pearson/Longman,
|c c2006.
|
| 300 |
|
|
|a xvii, 306 pages :
|b illustrations ;
|c 24 cm.
|
| 490 |
0 |
|
|a Learning about language
|
| 504 |
|
|
|a Includes bibliographical references (pages 263-293) and indexes.
|
| 526 |
|
|
|a ENH
|
| 541 |
|
|
|a Hye Trade International
|e 37042, 37043, 37044
|
| 650 |
|
0 |
|a Psycholinguistics.
|9 39315
|
| 650 |
|
0 |
|a English language.
|9 43008
|
| 700 |
1 |
|
|a Sciarini, Natalia V.
|9 39316
|
| 830 |
|
|
|a Learning about language
|9 39317
|
| 852 |
|
|
|a Ayesha Abed Library
|c General Stacks
|
| 942 |
|
|
|2 ddc
|c BK
|
| 952 |
|
|
|0 0
|1 0
|2 ddc
|4 0
|6 401_900000000000000_STE
|7 0
|9 67886
|a BRACUL
|b BRACUL
|c GEN
|d 2020-02-09
|e Hye Trade International
|g 1224.00
|l 3
|m 2
|o 401.9 STE
|p 3010037043
|r 2026-05-18
|s 2026-05-10
|t 2
|v 1224.00
|w 2020-02-09
|y BK
|
| 952 |
|
|
|0 0
|1 0
|2 ddc
|4 0
|6 401_900000000000000_STE
|7 0
|9 67887
|a BRACUL
|b BRACUL
|c GEN
|d 2020-02-09
|e Hye Trade International
|g 1224.00
|l 1
|m 4
|o 401.9 STE
|p 3010037042
|r 2025-05-23
|s 2025-04-21
|t 1
|v 1224.00
|w 2020-02-09
|y BK
|
| 952 |
|
|
|0 0
|1 0
|2 ddc
|4 0
|6 401_900000000000000_STE
|7 0
|9 67888
|a BRACUL
|b BRACUL
|c GEN
|d 2020-02-09
|e Hye Trade International
|g 1224.00
|l 3
|m 6
|o 401.9 STE
|p 3010037044
|r 2026-02-23
|s 2026-01-28
|t 3
|v 1224.00
|w 2020-02-09
|y BK
|